<?xml version="1.0" encoding="UTF-8"?>
<record
    xmlns:xsi="http://www.w3.org/2001/XMLSchema-instance"
    xsi:schemaLocation="http://www.loc.gov/MARC21/slim http://www.loc.gov/standards/marcxml/schema/MARC21slim.xsd"
    xmlns="http://www.loc.gov/MARC21/slim">

  <leader>00580nam a22001697a 4500</leader>
  <controlfield tag="008">230418b        |||||||| |||| 00| 0 eng d</controlfield>
  <datafield tag="040" ind1=" " ind2=" ">
    <subfield code="a">National Science Library</subfield>
    <subfield code="c">National Science Library</subfield>
  </datafield>
  <datafield tag="080" ind1=" " ind2=" ">
    <subfield code="a">728.1(1-772)(082.2)</subfield>
    <subfield code="b">L7.1-.3</subfield>
  </datafield>
  <datafield tag="245" ind1=" " ind2=" ">
    <subfield code="a">Low income housing technology and policy </subfield>
    <subfield code="c">/ Asian Institute of Technology</subfield>
  </datafield>
  <datafield tag="260" ind1=" " ind2=" ">
    <subfield code="a">Bangkok: </subfield>
    <subfield code="b">Asian Institute of Technology, </subfield>
    <subfield code="c">1977</subfield>
  </datafield>
  <datafield tag="300" ind1=" " ind2=" ">
    <subfield code="a">545p.</subfield>
  </datafield>
  <datafield tag="500" ind1=" " ind2=" ">
    <subfield code="a">Vol. 1; 545p.
Vol. 2; 546-1107p.
Vol. 3; 1108-1483p.</subfield>
  </datafield>
  <datafield tag="650" ind1=" " ind2=" ">
    <subfield code="a">Management</subfield>
  </datafield>
  <datafield tag="653" ind1=" " ind2=" ">
    <subfield code="a">Translators</subfield>
  </datafield>
  <datafield tag="700" ind1=" " ind2=" ">
    <subfield code="a">Pama, R P (Ed.)</subfield>
  </datafield>
  <datafield tag="942" ind1=" " ind2=" ">
    <subfield code="2">udc</subfield>
    <subfield code="c">PR</subfield>
  </datafield>
  <datafield tag="999" ind1=" " ind2=" ">
    <subfield code="c">20475</subfield>
    <subfield code="d">20475</subfield>
  </datafield>
  <datafield tag="952" ind1=" " ind2=" ">
    <subfield code="0">0</subfield>
    <subfield code="1">0</subfield>
    <subfield code="2">udc</subfield>
    <subfield code="4">0</subfield>
    <subfield code="6">728117720822_L713</subfield>
    <subfield code="7">0</subfield>
    <subfield code="9">30039</subfield>
    <subfield code="a">NSL</subfield>
    <subfield code="b">NSL</subfield>
    <subfield code="c">GF/Rk-22/C-7/R-3</subfield>
    <subfield code="d">1979-10-25</subfield>
    <subfield code="h">Vol. 1; 545p.</subfield>
    <subfield code="l">0</subfield>
    <subfield code="o">728.1(1-772)(082.2) L7.1-.3</subfield>
    <subfield code="p">89562</subfield>
    <subfield code="r">2023-04-18 00:00:00</subfield>
    <subfield code="w">1979-10-25</subfield>
    <subfield code="y">PR</subfield>
  </datafield>
  <datafield tag="952" ind1=" " ind2=" ">
    <subfield code="0">0</subfield>
    <subfield code="1">0</subfield>
    <subfield code="2">udc</subfield>
    <subfield code="4">0</subfield>
    <subfield code="6">728117720822_L713</subfield>
    <subfield code="7">0</subfield>
    <subfield code="9">30041</subfield>
    <subfield code="a">NSL</subfield>
    <subfield code="b">NSL</subfield>
    <subfield code="c">GF/Rk-22/C-7/R-3</subfield>
    <subfield code="d">1979-10-25</subfield>
    <subfield code="h">Vol. 2; 546-1107p.</subfield>
    <subfield code="l">0</subfield>
    <subfield code="o">728.1(1-772)(082.2) L7.1-.3</subfield>
    <subfield code="p">89563</subfield>
    <subfield code="r">2023-04-18 00:00:00</subfield>
    <subfield code="w">1979-10-25</subfield>
    <subfield code="y">PR</subfield>
  </datafield>
  <datafield tag="952" ind1=" " ind2=" ">
    <subfield code="0">0</subfield>
    <subfield code="1">0</subfield>
    <subfield code="2">udc</subfield>
    <subfield code="4">0</subfield>
    <subfield code="6">728117720822_L713</subfield>
    <subfield code="7">0</subfield>
    <subfield code="9">30046</subfield>
    <subfield code="a">NSL</subfield>
    <subfield code="b">NSL</subfield>
    <subfield code="c">GF/Rk-22/C-7/R-3</subfield>
    <subfield code="d">1979-10-25</subfield>
    <subfield code="h">Vol. 3; 1108-1483p.</subfield>
    <subfield code="l">0</subfield>
    <subfield code="o">728.1(1-772)(082.2) L7.1-.3</subfield>
    <subfield code="p">89564</subfield>
    <subfield code="r">2023-04-18 00:00:00</subfield>
    <subfield code="w">1979-10-25</subfield>
    <subfield code="y">PR</subfield>
  </datafield>
</record>
